000 00475nam a2200181Ia 4500
005 20240805051816.0
008 240331s9999 xx 000 0 und d
020 _a9551497007
082 _bDHA
_a380.3025
245 0 _aDharman's media guide of Sri Lanka
250 _a7th edition
260 _aSri Jayawardenapura
_bPublic Interest Publishers
_c2000
300 _avi, 259 p .,
650 _aCultural
650 _aSociety
700 _aAthukorala,A.C.
_eedt
942 _cL
999 _c2964
_d2964